| 000 | 01653nam a22003017a 4500 | ||
|---|---|---|---|
| 999 |
_c6644 _d6644 |
||
| 003 | OSt | ||
| 005 | 20200306120851.0 | ||
| 008 | 200306s2013 ck ao||fr|||| 001 0 spa d | ||
| 040 |
_aCO-JMCR _cCO-JMCR |
||
| 041 | _aspa | ||
| 082 | 0 | 4 |
_a028.55 / _bD352 |
| 100 | 1 |
_aDelghans Pabón, Angélica, _eautora _91255 |
|
| 245 | 1 | 0 |
_aEvidencias y fórmulas para profesar la lectura / _cAngélica Delghans Pabón, Marlene Morales Aranzalez |
| 250 | _aPrimera edición | ||
| 260 |
_aBogotá : _bUniversidad Sergio Arboleda, _c2013 |
||
| 300 |
_a113 páginas : _bilustraciones y fotografías a blanco y negro ; _c21 cm. |
||
| 490 | _a"Colección textos de producción docente" | ||
| 504 | _aBibliografía: páginas 111-113. | ||
| 505 | _aA manera de introducción -- Evidencia y fórmula para la lectura -- Construcción del conocimiento y del pensamiento crítico -- Desarrollo de las competencias comunicativas -- Sobre la producción textual escrita -- Sobre la producción textual oral -- Conclusiones y recomendaciones | ||
| 520 | _aLa publicación de este libro, que tiene por título Evidencias y fórmulas para profesar la lectura, es la suma de las evidencias y la develación de las formulas, que el programa plan lector - Implemento en la escuela de derecho hacia el año 2008- presenta como resultado y concreción de sus actividades en el desarrollo de una empresa asaroza. | ||
| 546 | _aspa | ||
| 650 | 1 | 4 | _2Promoción de la lectura |
| 650 | 2 | 4 |
_aComprensión de lectura _91257 |
| 650 | 2 | 4 |
_aConducta lectora _91258 |
| 650 | 2 | 4 |
_aDesarrollo de la lectura _91259 |
| 700 | 1 |
_aMorales Aranzalez, Marlene, _eautora _91256 |
|
| 942 |
_2ddc _cBK |
||